ԱՐՄԱՒԵՆԻ : (Record no. 71)
[ view plain ]
| 000 -LEADER | |
|---|---|
| fixed length control field | 04051nas a2200385 a 4500 |
| 001 - CONTROL NUMBER | |
| control field | VMC018 |
| 003 - CONTROL NUMBER IDENTIFIER | |
| control field | MEC |
| 005 - DATE AND TIME OF LATEST TRANSACTION | |
| control field | 20260112154641.0 |
| 008 - FIXED-LENGTH DATA ELEMENTS--GENERAL INFORMATION | |
| fixed length control field | 150615b18651865ua cu|ne|| || 0|arm|d |
| 040 ## - CATALOGING SOURCE | |
| Transcribing agency | AM-YeHGA |
| Original cataloging agency | AM-YeHGA |
| 041 ## - LANGUAGE CODE | |
| Language code of text/sound track or separate title | arm |
| 245 00 - TITLE STATEMENT | |
| Title | ԱՐՄԱՒԵՆԻ : |
| Remainder of title | Լրագիր Կիսամսեայ : Ազգային, Քաղաքական ԵՒ Բանասիրական / |
| Statement of responsibility, etc. | Արտօնատէր՝ Յովսէփ Մանուկեան; Խմբ.՝ Ա․ Մուրատեան. |
| 260 ## - PUBLICATION, DISTRIBUTION, ETC. | |
| Place of publication, distribution, etc. | Գահիրէ : |
| Name of publisher, distributor, etc. | Ա.հ., |
| Date of publication, distribution, etc. | 1865. |
| 300 ## - PHYSICAL DESCRIPTION | |
| Extent | 4 երես ; |
| Dimensions | 48 x 33 սմ. |
| 362 0# - DATES OF PUBLICATION AND/OR SEQUENTIAL DESIGNATION | |
| Dates of publication and/or sequential designation | 1865. |
| 500 ## - GENERAL NOTE | |
| General note | Արմաւենի լոյս տեսած է միայն 4 թիւ: Թիւ 1՝ 16 մարտ, 1865: |
| 501 ## - WITH NOTE | |
| With note | Աբրահամ Մուրատեան Նիկոմիդիա "Հայրենասէր" լրագիր մը հրատարակած է (1850 - 1853), Փարիզ փոխադրուած՝ 1860ին հոն սկսաւ "Փարիզ" կիսամսեայ լրագիր մը հրատարակել․ իսկ 1865ին Գահիրէ՝ "Արմաւենի" լրագիրը հրատարակել է։<br/>1860ի Յունիս 22, թիւ 23՝ կիսամսեայ։ |
| 504 ## - BIBLIOGRAPHY, ETC. NOTE | |
| Bibliography, etc. note | Աբրահամ Մուրատեան անուն մէկն է եղած Հայրը Հայ լրագրութեան՝ Եգիպտոսի մէջ։ Մուրատ վարժապետ Հալէպցի Տիւզեանցի անդրանիկ տղան էր Աբրահամ Մուրատեան որ աշխարհի երեք մասերուն՝ Եւրոպայի (Բարիզ), Ասիոյ (Նիկոմիդիա), և Ափրիկէի (Գահիրէ) մէջ հրատարակած երեք թերթերովը հռչակաւոր եղած է։ Տե՛ս՝ <br/><li><a href="http://haygirk.nla.am/upload/1512-1940/1901-1940/egiptahay_tarecujc_1925.pdf" target="_blank">Եգիպտահայ տարեցոյց 1925 : Ա. տարի : Թարգմանութիւններ, ուսումնասիրութիւններ, փաստաթղթեր, գրական յօդուածներ, ընկերային եւ քաղաքական հարցեր զանազան տեղեկութիւններ / Լ. Աճէմեան. - Աղեքսանդրիա : տպ. Ա. Գասապեան, 1924. - 7 չհամարակալված, 248 էջ ; դիմանկար, նկար, օրացույց., էջ 73</a><br/> <li><a href="https://arar.sci.am/dlibra/publication/287303/edition/263734" target="_blank">Հայ մամուլը Եգիպտոսի մէջ. Մատենագիտական ցուցակ/ Կազմ.՝ Սուրէն Պայրամեան, Գահիրէ, 2005, էջ 2-3</a> |
| 515 ## - NUMBERING PECULIARITIES NOTE | |
| Numbering peculiarities note | Էջերի համարակալումը բացակայող է։ |
| 546 ## - LANGUAGE NOTE | |
| Language note | Բնագիրը՝ հայերէն |
| 563 ## - BINDING INFORMATION | |
| Binding note | 1865 թիւերը կազմուած եւ ամփոփուած են մէկ առանձին թղթածրարում. դասիչն է <b>I-329</b> <br><b>Վիեննական Մխիթարեան Մենաստանում</b> առկայ են :<br/> |
| 563 ## - BINDING INFORMATION | |
| Binding note | <b> 1865</b>: Առաջին տարի․ <a href= " https://arar.sci.am/dlibra/publication/302584/edition/277269?language=hyw" target="_blank"> <b> թիւ 2 </b> </a> (1 Ապրիլ), <a href= " https://arar.sci.am/dlibra/publication/302589/edition/277270?language=hyw" target="_blank"> <b> թիւ 3 </b> </a> (16 Ապրիլ), <a href= " https://arar.sci.am/dlibra/publication/302592/edition/277271?language=hyw" target="_blank"> <b> թիւ 4 </b> </a> (1 Մայիս): |
| 650 #4 - SUBJECT ADDED ENTRY--TOPICAL TERM | |
| Topical term or geographic name entry element | Հասարակական քաղաքական կեանք |
| Chronological subdivision | XIX դ |
| -- | 1865 |
| Form subdivision | Պարբերականներ |
| 650 #4 - SUBJECT ADDED ENTRY--TOPICAL TERM | |
| Topical term or geographic name entry element | առանց տպարանի |
| 651 #4 - SUBJECT ADDED ENTRY--GEOGRAPHIC NAME | |
| Geographic name | Գահիրէ |
| 651 #4 - SUBJECT ADDED ENTRY--GEOGRAPHIC NAME | |
| Geographic name | Եգիպտոս |
| 651 #4 - SUBJECT ADDED ENTRY--GEOGRAPHIC NAME | |
| Geographic name | Ափրիկէ |
| 653 ## - INDEX TERM--UNCONTROLLED | |
| Uncontrolled term | առանց հրատարակչի |
| 655 #4 - INDEX TERM--GENRE/FORM | |
| Genre/form data or focus term | Թերթ |
| 700 1# - ADDED ENTRY--PERSONAL NAME | |
| Personal name | Մուրատեան, Աբրահամ Մուրատի |
| Relator term | խմբ. |
| Dates associated with a name | 1873 Հոկտ․ 21 - 1903 Սեպտ․ |
| 710 1# - ADDED ENTRY--CORPORATE NAME | |
| Corporate name or jurisdiction name as entry element | Մանուկեան, Յովսէփ |
| Relator term | արտօնատէր |
| 856 ## - ELECTRONIC LOCATION AND ACCESS | |
| Link text | Կարդալ առցանց - Read Online - Online lesen - Leggi online |
| Uniform Resource Identifier | <a href="https://arar.sci.am/dlibra/publication/302581?language=hyw#structure">https://arar.sci.am/dlibra/publication/302581?language=hyw#structure</a> |
| 942 ## - ADDED ENTRY ELEMENTS (KOHA) | |
| Source of classification or shelving scheme | Universal Decimal Classification |
| Koha item type | Թերթեր / Newspapers |
| Suppress in OPAC | No |
No items available.
ՎԻԵՆՆԱՅԻ ՄԵՆԱՍՏԱՆԻՆ մամուլին շտեմարանը = THE VIENNA Congregation Periodicals Portal